Prime Ministers of Japan - Statistics

General Stats
  • This quiz has been taken 13 times
    7 since last reset
  • The average score is 50 of 101
Answer Stats
No. Answer Term of office % Correct
100 Fumio Kishida 2021
100%
101 Fumio Kishida 2021-
100%
87 Junichiro Koizumi 2001-2003
100%
88 Junichiro Koizumi 2003-2005
100%
89 Junichiro Koizumi 2005-2006
100%
56 Nobusuke Kishi 1957-1958
100%
57 Nobusuke Kishi 1958-1960
100%
36 Nobuyuki Abe 1939-1940
100%
90 Shinzo Abe 2006-2007
100%
96 Shinzo Abe 2012-2014
100%
97 Shinzo Abe 2014-2017
100%
98 Shinzo Abe 2017-2020
100%
99 Yoshihide Suga 2020-2021
100%
95 Yoshihiko Noda 2011-2012
100%
26 Giichi Tanaka 1927-1929
67%
40 Hideki Tojo 1941-1944
67%
52 Ichiro Hatoyama 1954-1955
67%
53 Ichiro Hatoyama 1955
67%
54 Ichiro Hatoyama 1955-1956
67%
64 Kakuei Tanaka 1972
67%
65 Kakuei Tanaka 1972-1974
67%
94 Naoto Kan 2010-2011
67%
45 Shigeru Yoshida 1946-1947
67%
48 Shigeru Yoshida 1948-1949
67%
49 Shigeru Yoshida 1949-1952
67%
50 Shigeru Yoshida 1952-1953
67%
51 Shigeru Yoshida 1953-1954
67%
67 Takeo Fukuda 1976-1978
67%
92 Taro Aso 2008-2009
67%
71 Yasuhiro Nakasone 1982-1983
67%
72 Yasuhiro Nakasone 1983-1986
67%
73 Yasuhiro Nakasone 1986-1987
67%
91 Yasuo Fukuda 2007-2008
67%
93 Yukio Hatoyama 2009-2010
67%
3 Arimoto Yamagata 1889-1891
33%
9 Arimoto Yamagata 1898-1900
33%
61 Eisaku Sato 1964-1967
33%
62 Eisaku Sato 1967-1969
33%
63 Eisaku Sato 1969-1972
33%
34 Fumimaro Konoe 1937-1939
33%
38 Fumimaro Konoe 1940-1941
33%
39 Fumimaro Konoe 1941
33%
16 Gonnohoye Yamamoto 1913-1914
33%
22 Gonnohyoe Yamamoto 1923-1924
33%
58 Hayato Ikeda 1960
33%
59 Hayato Ikeda 1960-1963
33%
60 Hayato Ikeda 1963-1964
33%
1 Hirobumi Ito 1885-1888
33%
5 Hirobumi Ito 1892-1896
33%
7 Hirobumi Ito 1898
33%
10 Hirobumi Ito 1900-1901
33%
47 Hitoshi Ashida 1948
33%
42 Kantaro Suzuki 1945
33%
23 Keigo Kiyoura 1924
33%
31 Keisuke Okada 1934-1936
33%
84 Keizo Obuchi 1998-2000
33%
78 Kiichi Miyazawa 1991-1993
33%
35 Kiichiro Hiranuma 1939
33%
44 Kijuro Shidehara 1945-1946
33%
12 Kinmochi Saionji 1906-1908
33%
14 Kinmochi Saionji 1911-1912
33%
2 Kiyotaka Kuroda 1888-1889
33%
32 Koki Hirota 1936-1937
33%
20 Korekiyo Takahashi 1921-1922
33%
41 Kuniaki Koiso 1944-1945
33%
30 Makoto Saito 1932-1934
33%
18 Masatake Terauchi 1916-1918
33%
4 Masayoshi Matsukata 1891-1892
33%
6 Masayoshi Matsukata 1896-1898
33%
68 Masayoshi Ohira 1978-1979
33%
69 Masayoshi Ohira 1979-1980
33%
37 Mitsumasa Yonai 1940
33%
79 Morihiro Hosokawa 1993-1994
33%
43 Naruhiko Higashikuni 1945
33%
74 Noboru Takeshita 1987-1989
33%
27 Osachi Hamaguchi 1929-1931
33%
25 Reijiro Wakatsuki 1926-1927
33%
28 Reijiro Wakatsuki 1931
33%
82 Ryutaro Hashimoto 1996
33%
83 Ryutaro Hashimoto 1996-1998
33%
33 Senjuro Hayashi 1937
33%
8 Shigenobu Okuma 1898
33%
17 Shigenobu Okuma 1914-1916
33%
75 Sosuke Uno 1989
33%
24 Takaaki Kato 1924-1926
33%
19 Takashi Hara 1918-1921
33%
66 Takeo Miki 1974-1976
33%
55 Tanzan Ishibashi 1956-1957
33%
11 Taro Katsura 1901-1906
33%
13 Taro Katsura 1908-1911
33%
15 Taro Katsura 1912-1913
33%
46 Tetsu Katayama 1947-1948
33%
81 Tomiichi Murayama 1994-1996
33%
21 Tomosaburo Kato 1922-1923
33%
76 Toshiki Kaifu 1989-1990
33%
77 Toshiki Kaifu 1990-1991
33%
80 Tsutomu Hata 1994
33%
29 Tsuyoshi Inukai 1931-1932
33%
85 Yoshiro Mori 2000
33%
86 Yoshiro Mori 2000-2001
33%
70 Zenko Suzuki 1980-1982
33%
No matching quizzes found
Score Distribution
Percent of People with Each Score
Percentile by Number Answered
Your Score History
You have not taken this quiz since the last reset